000 02022cam a2200601 4500
003 PE-LiUPU
005 20250731170454.0
020 _a8423421414
035 _a(Sirsi) i9788423421411
035 _a(Sirsi) 46888
035 _a(Sirsi) 46888
041 _aes
044 _aes
082 0 4 _a158
_bM53
100 1 _aMichaelson, Gerald
245 _aSun tzu para el éxito /
_ccómo utilizar el arte de la guerra para superar los desafíos y conseguir los objetivos más importantes de su vida
_cGeral Michaelson
_cGerald Michaelson y Steven Michaelson.
264 1 _aBarcelona :
_bDeusto,
_c2003
300 _a247 páginas ;
_c24 cm.
505 0 _aTraducción completa de El arte de la guerra -- Planes de posicionamiento -- Guerra rápida -- Atacar con estrategias -- Disposición de la fuerza militar -- Uso de la energía -- Fuerza y debilidad -- Maniobras -- Variación de tácticas -- Dur
526 _aSEG68
526 _aSEG70
526 _aSEG69
526 _aSEG67
526 _aSEG43
526 _aP144
526 _aP143
526 _aP131
526 _aP122
526 _aP120
526 _aP117
526 _aP112
526 _aP110
526 _aP106
526 _aP101
526 _aP80
526 _aP59
526 _aP54
526 _aP35
526 _aP33
526 _aP30
650 1 4 _aÉxito
_91682
650 1 4 _aArte y ciencia militar
_yObras anteriores a 1800
650 1 4 _aMoral práctica
700 1 _aMichaelson, Steven
_ecoaut.
700 1 _aGarcía Bertrán, Ana
_etr.
942 _2ddc
_cBOOK
949 _a158 M53
_i64525
_lCCODEBUL1
_mBUL
_tLIBRO
_o.STAFF. Colección General
859 _q64525
_h158
_iM53
910 _agl
_bjv
_clch
_d20120510
596 _a1
999 _a158 M53
_wDEWEY
_c53251
_i64525
_d53251
_f2021-11-3
_g7
_lCCODEBUL1
_mBUL
_p32.00
_q1
_r0
_sY
_tBOOK
_u2015-7-6
_xSALUD
_PP27
_0COMPRA
_o.STAFF. Colección General
980 _81
_gALBERTO SANCHEZ Responsable de Automatización